Państwa UE i Schengen - Statystyki

Ogólne statystyki
  • Ten quiz został rozwiązany 86 razy
  • Średni wynik to 19 z 21
Statystyki odpowiedzi
Rok przyst. Schengen Rok przyst. UE Państwo % Poprawnych
1995 1957 Niemcy
100%
1995 1986 Hiszpania
99%
2008 2004 Polska
99%
2008 2004 Czechy
98%
2008 2004 Słowacja
96%
1997 1957 Włochy
96%
1995 1957 Francja
95%
1995 1986 Portugalia
94%
1995 1957 Belgia
93%
1997 1995 Austria
90%
1995 1957 Holandia
90%
2001 1995 Szwecja
90%
2008 2004 Litwa
89%
2008 2004 Łotwa
89%
2008 2004 Estonia
88%
2008 2004 Słowenia
88%
2008 2004 Węgry
86%
2001 1973 Dania
83%
2001 1995 Finlandia
83%
1995 1957 Luksemburg
83%
2000 1981 Grecja
81%
Nie znaleziono quizów pasujących do podanych kryteriów
Rozkład punktacji
Procent ludzi z każdym wynikiem
Percentyl według liczby udzielonych odpowiedzi
Twoja historia wyników
Nie rozwiązałeś tego quizu